Detalles MARC
| 000 -CABECERA |
| campo de control de longitud fija |
01140nam a2200277 a 4500 |
| 001 - NÚMERO DE CONTROL |
| campo de control |
000048752 |
| 005 - FECHA Y HORA DE LA ÚLTIMA TRANSACCIÓN |
| campo de control |
20240229073955.0 |
| 008 - DATOS DE LONGITUD FIJA--INFORMACIÓN GENERAL |
| campo de control de longitud fija |
190412s2016 dr 001 0 spa d |
| 020 ## - NÚMERO INTERNACIONAL ESTÁNDAR DEL LIBRO |
| Número Internacional Estándar del Libro |
9789945901627 |
| 040 ## - FUENTE DE LA CATALOGACIÓN |
| Centro catalogador/agencia de origen |
DO-SdBNP |
| Lengua de catalogación |
spa |
| Centro/agencia transcriptor |
BNPHU |
| 082 ## - NÚMERO DE LA CLASIFICACIÓN DECIMAL DEWEY |
| Número de clasificación |
xxx |
| Número de documento/Ítem |
xxxx |
| 245 00 - MENCIÓN DE TÍTULO |
| Título |
Santo Domingo : |
| Resto del título |
visto por cuatro viajeros 1850-1889 / |
| Mención de responsabilidad, etc. |
Robert Hermann Schomburgk, Frederick Douglass, Rodolphe E. Garczynski, Wilhelm Sievers ; presentación José Chez Checo ; traducción Rosario Flores Paz, Bernardo Vega. |
| 260 ## - PUBLICACIÓN, DISTRIBUCIÓN, ETC. |
| Lugar de publicación, distribución, etc. |
Santo Domingo, : |
| Nombre del editor, distribuidor, etc. |
Academia Dominicana de la Historia, |
| Fecha de publicación, distribución, etc. |
2016. |
| 300 ## - DESCRIPCIÓN FÍSICA |
| Extensión |
145 p. ; |
| Dimensiones |
22 cm. |
| 490 1# - MENCIÓN DE SERIE |
| Mención de serie |
Academia Dominicana de la Historia; |
| Designación de volumen o secuencia |
136 ; |
| 500 ## - NOTA GENERAL |
| Nota general |
Incluye índice onomástico |
| 590 ## - NOTA LOCAL (RLIN) |
| Nota local |
Inventariado, 2019/ YL |
| 700 12 - PUNTO DE ACCESO ADICIONAL--NOMBRE DE PERSONA |
| Nombre de persona |
Hermann Schomburgk, Robert |
| 9 (RLIN) |
76208 |
| 700 12 - PUNTO DE ACCESO ADICIONAL--NOMBRE DE PERSONA |
| Nombre de persona |
Douglass, Frederick |
| 9 (RLIN) |
76209 |
| 700 12 - PUNTO DE ACCESO ADICIONAL--NOMBRE DE PERSONA |
| Nombre de persona |
Garczynski, Rodolphe E. |
| 9 (RLIN) |
76210 |
| 700 12 - PUNTO DE ACCESO ADICIONAL--NOMBRE DE PERSONA |
| Nombre de persona |
Sievers, Wilhelm |
| 9 (RLIN) |
76211 |
| 700 12 - PUNTO DE ACCESO ADICIONAL--NOMBRE DE PERSONA |
| Nombre de persona |
Flores Paz, Rosario |
| Término indicativo de función/relación |
trad. |
| 9 (RLIN) |
65366 |
| 700 12 - PUNTO DE ACCESO ADICIONAL--NOMBRE DE PERSONA |
| Nombre de persona |
Chez Checo, José, |
| Fechas asociadas al nombre |
1949- |
| Término indicativo de función/relación |
pres. |
| 9 (RLIN) |
10145 |
| 700 12 - PUNTO DE ACCESO ADICIONAL--NOMBRE DE PERSONA |
| Nombre de persona |
Vega, Bernardo, |
| Fechas asociadas al nombre |
1938 - |
| Término indicativo de función/relación |
trad. |
| 9 (RLIN) |
3222 |
| 830 ## - PUNTO DE ACCESO ADICIONAL DE SERIE-TÍTULO UNIFORME |
| Título uniforme |
Academia Dominicana de la Historia |
| 9 (RLIN) |
770 |